| 000 | 00376nam a2200157Ia 4500 | ||
|---|---|---|---|
| 008 | 230524s9999 xx 000 0 und d | ||
| 082 |
_a621.489 _bOGA |
||
| 100 | _aKatsuhiko Ogata | ||
| 245 | 0 | _a"System Dynamics , 4ed." | |
| 250 | _a4TH | ||
| 260 |
_aNEW DELHI _bPearson _c2004 |
||
| 300 | _aVI;759 | ||
| 500 | _aQuantity Number: 2 | ||
| 650 | _aElectrical | ||
| 942 | _cBK | ||
| 999 |
_c41842 _d41842 |
||